Skulduggery Pleasant Playing with Fire Characters - Statistics

General Stats
  • This quiz has been taken 70 times
  • The average score is 20 of 30
Answer Stats
Hint Answer % Correct
The untrustworthy woman who owns a library China Sorrows
100%
The Skeleton Detective Skulduggery Pleasant
100%
The woman with the sword Tanith Low
98%
Stephanie's dislikable aunt Beryl
95%
Stephanie's uncle Fergus
95%
Stephanie's dead uncle Gordon
95%
His apprentice Valkyrie Cain
95%
Toxic Twin #2 Crystal
93%
The strongest man in the world Mr. Bliss
93%
Toxic Twin #1 Carol
89%
Stephanie's dad Desmond
89%
Stephanie's mom Melissa
88%
The man with no eyes Billy-Ray Sanguine
82%
The vampire Dusk
82%
The "Killer Supreme" Vaurien Scapegrace
79%
The main villain Baron Vengeous
75%
The giant spider man The Torment
73%
The strange man in the tattoo shop Finbar Wrong
71%
The cranky professor who lives in the Hybernian Kenspeckle Grouse
68%
His disturbing mongrel with a god's torso Grotesquery
63%
The new Grand Mage Thurid Guild
59%
The Terror of London Springheeled Jack
57%
Their lightning wielding friend Lightning Dave
38%
His hammer-handed friend Hieronymous Deadfall
32%
Their giant friend Brobding
20%
The owner of a pub in Roarhaven Hokum Pete
20%
The professor's other assistant Civet
14%
The professor's assistant Stentor
14%
Temporary bodyguard of China #2 Zephyr
14%
Temporary bodyguard of China Sev
11%
No matching quizzes found
Score Distribution
Percent of People with Each Score
Percentile by Number Answered
Your Score History
You have not taken this quiz